00333nam a2200121Ia 4500008004100000024001400041082001700055100002400072245003100096260002500127600002100152650003800173250506s9999 xx 000 0 und d a12B-18-BS a005.1072 MUH aMuhammad Ali Sheikh 0aCricket Junoon (code book) aKarachi:bUIT,c2012 aComputer Science aBachelor of Computer Science (BS)